| 000 | 00711nam a22002537a 4500 | ||
|---|---|---|---|
| 003 | BCEG | ||
| 005 | 20260326104626.0 | ||
| 008 | 260326s2000 mx|||||| |||| 00| 0 spa d | ||
| 020 | _a9789685374002 | ||
| 040 |
_aBCEG _bspa _cBCEG |
||
| 082 | 0 | 4 |
_a658.564 _bL879e |
| 100 | 1 | _aLosada Alfaro, Ana María. | |
| 245 | 1 | 0 |
_aEnvase y embalaje _b: historia, tecnología y ecología. |
| 260 |
_aMéxico : _bLibraria, _c2000. |
||
| 300 |
_a201 p. _b: il., fots. |
||
| 490 | _aDesignio. Teoría y Práctica. | ||
| 504 | _aIncluye bibliografía. | ||
| 541 | _aCompra. | ||
| 650 | 1 | 4 | _aEmbalaje. |
| 650 | 1 | 4 | _aIndustria del envase. |
| 650 | 1 | 4 | _aDiseño industrial. |
| 650 | 1 | 4 | _aDiseño de producto. |
| 942 | _cBK | ||
| 999 |
_c437141 _d437141 |
||